| 000 | 01257nam a2200313 i 4500 | ||
|---|---|---|---|
| 003 | DO-SdBNP | ||
| 005 | 20250521101357.0 | ||
| 007 | ta | ||
| 008 | 250521b2024 dr a|||| |||| 00| 0 spa d | ||
| 020 | _a9789945501964 | ||
| 040 |
_aDO-SdBNP _bspa _cBNPHU _erda |
||
| 041 | _aspa | ||
| 082 | 4 |
_axxx _bP592c _222 |
|
| 100 | 1 |
_aPichardo Muñiz, Arlette _eautor _4aut. _979212 |
|
| 245 | 1 | 4 |
_aLas contribuciones de la sociología a la evaluación de la política pública / _cArlette Pichardo Muñíz ; prólogo, Daniel Camacho ; presentación, Nicolás Jiménez, Leopoldo Artiles Gil ; contribución especial, María del R. Medina. |
| 250 | _aPrimera edición | ||
| 264 | 4 |
_aSanto Domingo, República Dominicana : _bUniversitaria UASD, _c©2024. |
|
| 300 |
_a89 páginas : _bilustraciones, retratos ; _c21 cm. |
||
| 336 |
_atexto _btxt _2rdacontent |
||
| 337 |
_asin mediación _bn _2rdamedia |
||
| 338 |
_avolumen _bnc _2rdacarrier |
||
| 590 | _aInventariado, 2025 /LP | ||
| 700 | 1 |
_aCamacho, Daniel, _eprologuista _4pr. _942244 |
|
| 700 | 1 |
_aJiménez, Nicolás _epresentador _4pr. _987847 |
|
| 700 | 1 |
_aArtiles Gil, Leopoldo _epresentador _4pr. _911876 |
|
| 700 | 1 |
_aMedina, María del R. _econtribución _4cont. _987848 |
|
| 910 | _aLP | ||
| 942 |
_2ddc _cLBS1 |
||
| 999 |
_c58763 _d58763 |
||